000 01145nam a2200325 i 4500
003 EG-GICUC
005 20260228132857.0
008 260209s1976 ua |||fr|||| 00| 0 ara d
017 _a3062/76
020 _a9777075138
040 _a EG-GICUC
_bara
_c EG-GICUC
_d EG-GICUC
_erda
041 0 _aAra
082 0 4 _221
_a343.47
_bم ح . أ
092 0 4 _221
099 _aLaw1 10 343.47 م ح . أ 1976
100 0 _aمحمد سامى النبراوى
_eمؤلف.
245 1 0 _aأحكام تشريعات الحدود :
_bالزنا القذف الخمر /
_cتأليف دكتور محمد سامى النبراوى.
264 1 _aالقاهرة :
_bمكتبة غريب،
_c1976.
300 _a292 ؛صفحة
_c24 سم.
336 _2rda content
_atext
337 _2rda media
_aComputer
338 _2rda carrier
_aOnline Resource
546 _aالنص باللغة العربية
650 1 _aتشريعات جنائية خاصة أخرى
_2qrmak
650 1 _aالقانون الجنائى
_2qrmak
651 1 _2qrmak
856 4 0 _uhttps://fll.law.cu.edu.eg/fulltext/bks/B10-08288.pdf
905 _a54
942 _2ddc
_cBK
_e21
_n0
999 _c61798
_d61798